00792naa a2200145 i 450000100060000000300090000600500170001500800410003204000280007308000120010110001710011324501050028465500300038977302270041910173KOSZ 00520180417134053.0180417s2011 pl a |100 0 pol d aWA NcWA NdKOSZ 005/HR a94(438)1 aPARTACZ, Czesław.d2007-2012.bPolitechnika Koszalińska - Instytut Polityki Społecznej i Stosunków Międzynarodowych,cZakład Europy Środkowej i Wschodniej.10aPrzyczyny banderowskiego ludobójstwa na Kresach Wschodnich II Rzeczpospolitej /cCzesław Partacz. 0aMateriały konferencyjne.0 iW :tDziałalność nacjonalistów ukraińskich na Kresach Wschodnich II Rzeczypospolitej / pod red. nauk. Bogumiła Grotta. -d Warszawa : Muzeum Historii Polskiego Ruchu Ludowego, 2010. -gs. 161-172z9788360093894